Score 0/43 Timer 02:00
0 Plays Today
% Correct
Good
100%
morning
100%
USA
99.1%
got
87%
feeling
80.6%
I
77.8%
that
76.9%
its
76.9%
be
75.9%
gonna
75%
wonderful
75%
day
75%
the
75%
sun
75%
the
73.1%
sky
72.2%
smile
71.3%
on
71.3%
a
70.4%
in
70.4%
has
70.4%
a
67.6%
% Correct
face
66.7%
and
65.7%
a
62%
his
59.3%
to
58.3%
the
58.3%
American
58.3%
race
55.6%
boy
55.6%
its
55.6%
to
55.6%
say
55.6%
Good
55.6%
Oh
54.6%
swell
54.6%
morning
54.6%
its
53.7%
salute
53.7%
USA
53.7%
shining
51.9%
a
50%
Remove Ads.
Support Sporcle.
Get the best of Sporcle when you Go Orange. This ad-free experience offers more features, more stats, and more fun while also helping to support Sporcle. Thank you for becoming a member.

You're not logged in!

Compare scores with friends on all Sporcle quizzes.
OR
Log In

Show Comments

Extras

Created Jun 26, 2012ReportNominate
Tags:Song Quiz, America, dad, theme

Top Quizzes Today


Score Distribution

Your Account Isn't Verified!

In order to create a playlist on Sporcle, you need to verify the email address you used during registration. Go to your Sporcle Settings to finish the process.

Report this User

Report this user for behavior that violates our Community Guidelines.

Details: